[Event "BCF-chT3 1213 (4NCL)"]
[Site "England"]
[Date "2013.05.05"]
[Round "10.135"]
[White "Tsoi, Leo Z"]
[Black "Chan, Nevil"]
[Result "1/2-1/2"]
[WhiteElo "1821"]
[BlackElo "2028"]
[PlyCount "51"]
[EventDate "2012.11.03"]
[EventType "team-swiss"]
[EventRounds "11"]
[EventCountry "ENG"]
[SourceTitle "EXT 2014"]
[Source "ChessBase"]
[SourceDate "2013.11.20"]
[SourceVersion "1"]
[SourceVersionDate "2013.11.20"]
[SourceQuality "1"]
[WhiteTeam "Warwicks Select II"]
[BlackTeam "Cambridge III"]
[WhiteTeamCountry "ENG"]
[BlackTeamCountry "ENG"]

1. e4 Nc6 2. Nf3 d6 3. d4 Nf6 4. Nc3 Bg4 5. Be2 e6 6. Bg5 Be7 7. Qd2 d5 8. e5 Nd7 9. Bxe7 Qxe7 10. 0-0-0 Nb6 11. Qf4 Bh5 12. g4 Bg6 13. a3 0-0-0 14. Nd2 f6 15. exf6 Qxf6 16. Qxf6 gxf6 17. Nb3 e5 18. Rhe1 a6 19. Bf3 Nxd4 20. Nxd4 exd4 21. Rxd4 c6 22. Rf4 Nd7 23. h4 h6 24. Re7 Rde8 25. Rg7 Reg8 26. Re7 1/2-1/2

[Event "EU-ch U14"]
[Site "Prague"]
[Date "2012.08.24"]
[Round "8"]
[White "Tsoi, Leo Z"]
[Black "Bares, Jachym"]
[Result "1-0"]
[WhiteElo "1849"]
[BlackElo "1684"]
[PlyCount "49"]
[EventDate "2012.08.17"]
[EventType "swiss"]
[EventRounds "9"]
[EventCountry "CZE"]
[SourceTitle "CBM 150 Extra"]
[Source "ChessBase"]
[SourceDate "2012.10.19"]
[SourceVersion "1"]
[SourceVersionDate "2012.10.19"]
[SourceQuality "1"]

1. e4 e5 2. Nf3 Nc6 3. d4 exd4 4. Nxd4 Bc5 5. Nb3 Bb6 6. Nc3 Nge7 7. Qe2 d6 8. Be3 Be6 9. 0-0-0 Qc8 10. f3 0-0 11. g4 Bxe3+ 12. Qxe3 a5 13. a4 Bxb3 14. cxb3 Nb4 15. h4 Nec6 16. h5 Ne5 17. g5 g6 18. hxg6 fxg6 19. f4 Nec6 20. Bc4+ Kh8 21. Nd5 Nxd5 22. Bxd5 Qd7 23. Qc3+ Qg7 24. Rxh7+ Kxh7 25. Rh1+ 1-0

[Event "EU-ch U14"]
[Site "Prague"]
[Date "2012.08.18"]
[Round "2"]
[White "Tsoi, Leo Z"]
[Black "Stremavicius, Titas"]
[Result "0-1"]
[WhiteElo "1849"]
[BlackElo "2195"]
[PlyCount "192"]
[EventDate "2012.08.17"]
[EventType "swiss"]
[EventRounds "9"]
[EventCountry "CZE"]
[SourceTitle "CBM 150 Extra"]
[Source "ChessBase"]
[SourceDate "2012.10.19"]
[SourceVersion "1"]
[SourceVersionDate "2012.10.19"]
[SourceQuality "1"]

1. e4 c5 2. Nc3 g6 3. g3 Bg7 4. Bg2 e5 5. d3 Ne7 6. Be3 d6 7. Qd2 Nbc6 8. h4 Be6 9. h5 Nd4 10. Nd1 b6 11. c3 Ndc6 12. Nh3 f6 13. Bh6 Bxh6 14. Qxh6 Kf7 15. Qe3 d5 16. Qf3 Bxh3 17. Rxh3 d4 18. Qe2 Qd6 19. f3 Rad8 20. Nf2 dxc3 21. bxc3 c4 22. hxg6+ hxg6 23. Rxh8 Rxh8 24. dxc4 Qa3 25. Qc2 Na5 26. Bf1 Rc8 27. Kd2 Qc5 28. Ke1 Qe3+ 29. Be2 Nxc4 30. Qd3 Qg5 31. g4 Ne3 32. Bf1 Qf4 33. Ke2 Nc4 34. Nh3 Qh2+ 35. Nf2 Qh6 36. a4 Rc6 37. Ra2 Qc1 38. Nd1 Ke8 39. Qc2 Qf4 40. Qd3 Kf7 41. Nf2 a6 42. Nh3 Qh2+ 43. Nf2 Qh6 44. Ke1 b5 45. axb5 axb5 46. Be2 Qc1+ 47. Nd1 Rd6 48. Qc2 Qh6 49. Bxc4+ bxc4 50. Qh2 Qxh2 51. Rxh2 Rd3 52. Ke2 g5 53. Rh7+ Kf8 54. Rh8+ Kg7 55. Ra8 Ng6 56. Ra1 Nf4+ 57. Kf2 Rd2+ 58. Ke1 Rc2 59. Ra4 Nd3+ 60. Kf1 Rd2 61. Ra1 Kf7 62. Rb1 Ke6 63. Ra1 Kd7 64. Ne3 Rf2+ 65. Kg1 Rxf3 66. Nxc4 Nf4 67. Ra6 Kc7 68. Kh2 Rxc3 69. Nd6 Kd7 70. Nf5 Rc6 71. Rxc6 Kxc6 72. Ne7+ Kd6 73. Ng8 Ke6 74. Kg3 Ne2+ 75. Kf2 Nd4 76. Nh6 Ke7 77. Ke3 Kf8 78. Kd3 Kg7 79. Nf5+ Nxf5 80. exf5 Kf7 81. Kc4 Ke7 82. Kc5 Kd8 83. Kc4 Kc8 84. Kd5 Kd7 85. Kc5 Kc7 86. Kd5 Kb6 87. Ke6 e4 88. Kxf6 e3 89. Kg7 e2 90. f6 e1Q 91. f7 Qe7 92. Kg8 Qe6 93. Kg7 Qd7 94. Kg6 Qe7 95. Kg7 Kc5 96. Kg8 Kd4 0-1

[Event "Buxton e2e4 Major op 06"]
[Site "Buxton"]
[Date "2012.07.01"]
[Round "5"]
[White "Tsoi, Leo Z"]
[Black "Raeburn, Andrew L"]
[Result "1-0"]
[WhiteElo "1774"]
[BlackElo "1942"]
[PlyCount "127"]
[EventDate "2012.06.29"]
[EventType "swiss"]
[EventRounds "5"]
[EventCountry "ENG"]
[SourceTitle "EXT 2014"]
[Source "ChessBase"]
[SourceDate "2013.11.20"]
[SourceVersion "1"]
[SourceVersionDate "2013.11.20"]
[SourceQuality "1"]

1. e4 c5 2. Nc3 Nc6 3. g3 g6 4. Bg2 Bg7 5. d3 d6 6. Be3 Nf6 7. h3 e6 8. Qd2 Rb8 9. Nge2 Bd7 10. Bh6 0-0 11. 0-0 b5 12. Bxg7 Kxg7 13. f4 b4 14. Nd1 d5 15. Ne3 Ne7 16. g4 Bc6 17. g5 Nh5 18. Qe1 f5 19. gxf6+ Nxf6 20. Rd1 Qb6 21. Ng3 c4 22. d4 b3 23. axb3 cxb3 24. c3 Qb7 25. e5 Ne4 26. Ng4 Nxg3 27. Qxg3 Nf5 28. Qe1 a5 29. Ra1 a4 30. Ra3 Qe7 31. Nf6 Rxf6 32. exf6+ Qxf6 33. Rf2 Kf7 34. Bf1 Rg8 35. Bd3 Nd6 36. Qe5 Qxe5 37. fxe5+ Nf5 38. Ra1 Ke7 39. Bxf5 gxf5+ 40. Rg2 Rxg2+ 41. Kxg2 Bb5 42. Kf3 Kf7 43. Rg1 Bd3 44. Ke3 Bb5 45. h4 Kf8 46. h5 Be8 47. h6 Bg6 48. Kf4 Kg8 49. Rc1 Be8 50. c4 dxc4 51. Rxc4 Kf7 52. Kg5 Ke7 53. Rc7+ Bd7 54. Ra7 Kd8 55. Kf4 Ke7 56. Ke3 Kd8 57. Kd2 f4 58. Ke2 Bc6 59. d5 exd5 60. Kf3 d4+ 61. Kxf4 Kc8 62. Rxh7 a3 63. Ra7 axb2 64. h7 1-0